Obnova historických mestských priestorov

Uložené v:
Podrobná bibliografia
Hlavný autor: Gregor, Pavel, 1956- (Autor)
Médium: Rukopis Kniha
Vydavateľské údaje: Bratislava : STU v Bratislave FA, 1998
Tagy: Pridať tag
Žiadne tagy, Buďte prvý, kto otaguje tento záznam!

MARC

LEADER 00000ntm a22000003a 4500
001 stu76236
005 20150617225645.7
008 020621s1998----------------------------d
040 |a STU  |b slo 
041 0
100 1 |a Gregor, Pavel,  |d 1956-  |4 aut  |u A3130  |U FAD Fakulta architektúry  |T FA Ústav dejín a teórie architektúry a obnovy pamiatok  |X 412  |U A3130  |Y 394  |7 A000000412 
245 1 |a Obnova historických mestských priestorov 
260 |a Bratislava :  |b STU v Bratislave FA,  |c 1998 
996 |b 284AB00756  |c A*81 V  |l AAKNST  |s P  |a 0  |w stu76236_0001